Normal view
MARC view
Entry Personal Name
001 - CONTROL NUMBER
- control field: 38710
003 - CONTROL NUMBER IDENTIFIER
- control field: OSt
005 - DATE AND TIME OF LATEST TRANSACTION
- control field: 20160217153354.0
008 - FIXED-LENGTH DATA ELEMENTS
- fixed length control field: 160217|| aca||aabn | a|a d
040 ## - CATALOGING SOURCE
- Original cataloging agency: OSt
- Transcribing agency: OSt
100 ## - HEADING--PERSONAL NAME
- Personal name: शास्त्री डॉ. धर्मेन्द्र ब्रहम्चारी
670 ## - SOURCE DATA FOUND
- Source citation: Work cat.: (OSt)24517: शास्त्री डॉ. धर्मेन्द्र ब्रहम्चारी , सामाजिक शिक्षा और समाज सेवा , 1955









